Statistiques concernant Pays où Wendy's est implantés

Cliquez ici pour prendre le quiz!

Statistiques générales

  • Ce quiz a été pris 31 fois
  • Le résultat moyen est 13 sur 28

Statistiques - réponses

NuméroPays% Correct
6États-Unis
100%
10Mexique
100%
3Canada
92%
26Royaume-Uni
92%
1Argentine
76%
27Australie
76%
25Irlande
64%
28Nouvelle-Zélande
64%
4Chili
60%
16Inde
56%
9Jamaïque
44%
2Bahamas
40%
17Indonésie
40%
11Panama
40%
7Guatemala
36%
12République dominicaine
36%
5Équateur
32%
21Philippines
32%
8Honduras
28%
13Salvador
28%
15Émirats arabes unis
24%
22Qatar
24%
14Trinité-et-Tobago
20%
19Koweït
16%
18Kazakhstan
12%
23Azerbaïdjan
8%
24Géorgie
8%
20Ouzbékistan
8%

Distribution des résultats

Percentile par nombre de réponses

% des personnes avec chaque résultat

Votre développement - résultats

Vous n’avez pas pris ce quiz